<?xml version="1.0" encoding="UTF-8"?>
<record
    xmlns:xsi="http://www.w3.org/2001/XMLSchema-instance"
    xsi:schemaLocation="http://www.loc.gov/MARC21/slim http://www.loc.gov/standards/marcxml/schema/MARC21slim.xsd"
    xmlns="http://www.loc.gov/MARC21/slim">

  <leader>00756nam  2200217   4500</leader>
  <controlfield tag="001">6032</controlfield>
  <datafield tag="011" ind1=" " ind2=" ">
    <subfield code="a">0986-9980</subfield>
  </datafield>
  <datafield tag="090" ind1=" " ind2=" ">
    <subfield code="a">6032</subfield>
  </datafield>
  <datafield tag="100" ind1=" " ind2=" ">
    <subfield code="a">20190729k        u||y0frey50      ba</subfield>
  </datafield>
  <datafield tag="101" ind1=" " ind2=" ">
    <subfield code="a">fre</subfield>
  </datafield>
  <datafield tag="200" ind1=" " ind2=" ">
    <subfield code="a">Info uranium</subfield>
    <subfield code="b">P&#xE9;riodique</subfield>
    <subfield code="e">Bulletin d'information bimestriel du R&#xE9;seau uranium</subfield>
    <subfield code="f">Jean-Louis Bugarel</subfield>
  </datafield>
  <datafield tag="210" ind1=" " ind2=" ">
    <subfield code="a">Rodez</subfield>
    <subfield code="c">association Info-Uranium</subfield>
    <subfield code="c">Action environnement - Info uranium</subfield>
    <subfield code="g">association Info-Uranium</subfield>
  </datafield>
  <datafield tag="215" ind1=" " ind2=" ">
    <subfield code="d">30 cm.</subfield>
  </datafield>
  <datafield tag="300" ind1=" " ind2=" ">
    <subfield code="a">D&#xE8;s le n&#xB0;69 &#xE9;diti&#xE9; par Action environnement - info uranium</subfield>
  </datafield>
  <datafield tag="326" ind1=" " ind2=" ">
    <subfield code="a">Bimestriel</subfield>
  </datafield>
  <datafield tag="606" ind1=" " ind2=" ">
    <subfield code="9">648</subfield>
    <subfield code="a">Nucl&#xE9;aire (Energie)</subfield>
  </datafield>
  <datafield tag="607" ind1=" " ind2=" ">
    <subfield code="9">521</subfield>
    <subfield code="a">France</subfield>
  </datafield>
  <datafield tag="700" ind1=" " ind2=" ">
    <subfield code="9">6869</subfield>
    <subfield code="a">Bugarel</subfield>
    <subfield code="b">Jean-Louis</subfield>
  </datafield>
  <datafield tag="710" ind1=" " ind2=" ">
    <subfield code="9">6870</subfield>
    <subfield code="a">R&#xE9;seau uranium</subfield>
  </datafield>
  <datafield tag="801" ind1=" " ind2=" ">
    <subfield code="a">CH</subfield>
    <subfield code="b">CH-002049-8</subfield>
  </datafield>
  <datafield tag="955" ind1=" " ind2=" ">
    <subfield code="r">1990: 44. 1992: 57. 1994: 66-71 mq 68.</subfield>
  </datafield>
  <datafield tag="995" ind1=" " ind2=" ">
    <subfield code="1">0</subfield>
    <subfield code="2">0</subfield>
    <subfield code="3">0</subfield>
    <subfield code="5">2026-05-28</subfield>
    <subfield code="9">7008</subfield>
    <subfield code="b">ARCHIC</subfield>
    <subfield code="c">ARCHIC</subfield>
    <subfield code="e">P&#xE9;riodiques</subfield>
    <subfield code="f">7854</subfield>
    <subfield code="h">Caroline Firmann Gaulis</subfield>
    <subfield code="k">P190</subfield>
    <subfield code="o">1</subfield>
  </datafield>
</record>
